[Event "Milan it group"]
[Site "Milan ITA"]
[Date "1975.08.20"]
[Round "1"]
[White "Ljubojevic, Ljubomir"]
[Black "Andersson, Ulf"]
[Result "1-0"]
[WhiteElo "2615"]
[BlackElo "2565"]
[EventDate "1975.08.20"]
[PlyCount "80"]

1.e4 c5 2.Nf3 e6 3.d4 cxd4 4.Nxd4 Nc6 5.Nb5 d6 6.c4 Nf6 7.N5c3 Be7 8.Be2 
O-O 9.O-O b6 10.Bf4 a6 11.Nd2 Bd7 12.a3 Qb8 13.b4 Rc8 14.Rc1 Ne5 15.Qb3 
Ra7 16.h3 Ng6 17.Be3 Rac7 18.Qb2 Be8 19.f4 b5 20.cxb5 axb5 21.Nb3 e5 22.f5
Nf4 23.Bxf4 exf4 24.Rxf4 d5 25.e5 Rxc3 26.Rxc3 Qxe5 27.Rff3 Bd6 28.Rfe3 
Ne4 29.Rxe4 dxe4 30.Rc2 Qh2+ 31.Kf2 e3+ 32.Kxe3 Qf4+ 33.Kd3 Rd8 34.Rc3 
Bxb4+ 35.Kc2 Bxc3 36.Qxc3 Qxf5+ 37.Kb2 Rc8 38.Qd2 Qe5+ 39.Ka2 Bc6 40.Qc2 
Bd7 1-0

[Event "Milan it group"]
[Site "Milan ITA"]
[Date "1975.08.20"]
[Round "1"]
[White "Browne, Walter Shawn"]
[Black "Gligoric, Svetozar"]
[Result "1/2-1/2"]
[WhiteElo "2550"]
[BlackElo "2575"]
[EventDate "1975.08.20"]
[PlyCount "113"]

1.e4 e5 2.Nf3 Nc6 3.Bb5 a6 4.Ba4 Nf6 5.O-O Be7 6.Re1 b5 7.Bb3 d6 8.c3 O-O 
9.h3 Nb8 10.d4 Nbd7 11.Nbd2 Bb7 12.Bc2 Re8 13.b4 Bf8 14.a4 Nb6 15.a5 Nbd7 
16.Bb2 Rb8 17.Rb1 Ba8 18.Ba1 h6 19.Re3 Nh7 20.Qe2 c5 21.bxc5 dxc5 22.Nxe5 
Nxe5 23.dxe5 c4 24.Rg3 Ng5 25.Bb2 Ne6 26.Ra1 Rc8 27.Bc1 Nf4 28.Qe3 Ng6 29.
Nf3 Qc7 30.Qe2 Kh8 31.Be3 Bc5 32.e6 Rxe6 33.Nd4 Rf6 34.Qh5 Kg8 35.Nf5 Bxe3
36.Rxe3 Re8 37.Rae1 Nf4 38.Qh4 Nd3 39.Bxd3 cxd3 40.Qg4 Rg6 41.Qd1 Qxc3 42.
Rxd3 Qxa5 43.f3 b4 44.Kh1 Bc6 45.Rd6 b3 46.Rxg6 fxg6 47.Nd4 Ba4 48.Nxb3 
Qc3 49.Qd5+ Kh7 50.Nd2 Rb8 51.Rg1 Rb2 52.Qc4 Qxd2 53.Qxa4 a5 54.e5 Qd5 55.
Re1 Qd2 56.Rg1 Qd5 57.Re1 1/2-1/2

[Event "Milan it group"]
[Site "Milan ITA"]
[Date "1975.08.20"]
[Round "1"]
[White "Petrosian, Tigran"]
[Black "Karpov, Anatoly"]
[Result "1/2-1/2"]
[WhiteElo "2645"]
[BlackElo "2705"]
[EventDate "1975.08.20"]
[PlyCount "57"]

1.d4 Nf6 2.c4 e6 3.Nc3 Bb4 4.e3 O-O 5.Bd3 c5 6.Nf3 d5 7.O-O cxd4 8.exd4 
dxc4 9.Bxc4 b6 10.Bg5 Bb7 11.Qe2 Bxc3 12.bxc3 Nbd7 13.Bd3 Qc7 14.c4 Ng4 
15.Be4 Bxe4 16.Qxe4 Ngf6 17.Qd3 h6 18.Bxf6 Nxf6 19.a4 Rac8 20.Rfc1 Rfd8 
21.h3 e5 22.Nxe5 Qxe5 23.dxe5 Rxd3 24.exf6 Rd4 25.a5 gxf6 26.axb6 axb6 27.
Rab1 Rcxc4 28.Rxc4 Rxc4 29.Rxb6 1/2-1/2

[Event "Milan it group"]
[Site "Milan ITA"]
[Date "1975.08.20"]
[Round "1"]
[White "Unzicker, Wolfgang"]
[Black "Tal, Mikhail"]
[Result "1-0"]
[WhiteElo "2535"]
[BlackElo "2645"]
[EventDate "1975.08.20"]
[PlyCount "63"]

1.e4 c5 2.Nf3 e6 3.d4 cxd4 4.Nxd4 a6 5.Nc3 Qc7 6.g3 Bb4 7.Ne2 Nc6 8.Bg2 
Nf6 9.O-O Be7 10.Be3 Ng4 11.Bf4 d6 12.Nd4 Nce5 13.Bc1 Nf6 14.f4 Nc6 15.
Nxc6 bxc6 16.e5 dxe5 17.fxe5 Nd7 18.Bf4 g5 19.Be3 Nxe5 20.Ne4 h6 21.Qh5 
Ng6 22.Rf2 Qe5 23.Raf1 Rh7 24.Rxf7 Rxf7 25.Qxg6 Qg7 26.Nd6+ Bxd6 27.Bxc6+ 
Ke7 28.Rxf7+ Qxf7 29.Qxh6 Be5 30.Qxg5+ Kd6 31.Bxa8 Qc7 32.Qxe5+ 1-0

[Event "Milan it group"]
[Site "Milan ITA"]
[Date "1975.08.21"]
[Round "2"]
[White "Andersson, Ulf"]
[Black "Unzicker, Wolfgang"]
[Result "1/2-1/2"]
[WhiteElo "2565"]
[BlackElo "2535"]
[EventDate "1975.08.20"]
[PlyCount "155"]

1.Nf3 Nf6 2.g3 g6 3.b3 Bg7 4.Bb2 d6 5.d4 O-O 6.Bg2 e5 7.dxe5 Nfd7 8.O-O 
Nc6 9.Nc3 dxe5 10.Nd2 Nd4 11.a4 f5 12.e3 Ne6 13.f4 e4 14.Qc1 Nb6 15.Rd1 
Qf6 16.Rb1 Qf7 17.Nf1 a5 18.Ne2 Bd7 19.Bxg7 Qxg7 20.Rd2 Nc8 21.Qa3 b6 22.
Qa1 Qxa1 23.Rxa1 Nc5 24.Nc3 Ne7 25.g4 Be6 26.gxf5 gxf5 27.Rad1 Kf7 28.Ng3 
Kf6 29.Kf2 Rac8 30.Bh3 Bf7 31.Nb5 Bg6 32.Bf1 Bf7 33.Be2 Rg8 34.Na3 Rgf8 
35.Nc4 Nc6 36.Na3 Rcd8 37.Bc4 Rxd2+ 38.Rxd2 Bxc4 39.Nxc4 Rd8 40.Ke2 Ne6 
41.Rxd8 Nexd8 42.Na3 Ne6 43.Nb5 Nb4 44.Kd2 Nd5 45.Na3 Nc5 46.Nc4 Nd7 47.
Ne2 Ke6 48.Na3 Nc5 49.Nb5 Na6 50.Ned4+ Kf6 51.Nc6 Ne7 52.Nxe7 Kxe7 53.Kc3 
Kf6 54.Kc4 c6 55.Nd4 Nb4 56.Kc3 Nd5+ 57.Kd2 Ne7 58.Ke2 Kf7 59.Kf2 Kf6 60.
c4 c5 61.Nb5 Nc8 62.Kg3 Kg6 63.Nc7 Kh6 64.Ne6 Ne7 65.Nf8 Kg7 66.Nd7 Nc8 
67.Kh4 h6 68.Kh5 Kh7 69.Nf8+ Kg7 70.Ne6+ Kh7 71.Nf8+ Kg7 72.Nd7 Kh7 73.
Nf6+ Kg7 74.Ne8+ Kh7 75.h3 Ne7 76.Nd6 Kg7 77.Ne8+ Kh7 78.Nd6 1/2-1/2

[Event "Milan it group"]
[Site "Milan ITA"]
[Date "1975.08.21"]
[Round "2"]
[White "Portisch, Lajos"]
[Black "Gligoric, Svetozar"]
[Result "1-0"]
[WhiteElo "2635"]
[BlackElo "2575"]
[EventDate "1975.08.20"]
[PlyCount "67"]

1.d4 Nf6 2.c4 g6 3.Nc3 Bg7 4.e4 d6 5.f3 O-O 6.Be3 e5 7.d5 c6 8.Bd3 cxd5 9.
cxd5 Nbd7 10.Nge2 Nh5 11.O-O f5 12.exf5 gxf5 13.Qd2 Ndf6 14.Kh1 Kh8 15.Bg5
Bd7 16.Qc2 Qc8 17.Rae1 e4 18.fxe4 fxe4 19.Bxe4 Nxe4 20.Qxe4 Be5 21.Qh4 
Rxf1+ 22.Rxf1 Qe8 23.Nf4 Ng7 24.Rf3 Bf5 25.h3 b5 26.Bf6 b4 27.Nce2 Qf7 28.
Nh5 Bxf6 29.Nxf6 Qe7 30.Nd4 Bg6 31.Nc6 Qb7 32.Nxh7 Nf5 33.Rxf5 Bxf5 34.Ne7
1-0

[Event "Milan it group"]
[Site "Milan ITA"]
[Date "1975.08.24"]
[Round "5"]
[White "Unzicker, Wolfgang"]
[Black "Mariotti, Sergio"]
[Result "1/2-1/2"]
[WhiteElo "2535"]
[BlackElo "2495"]
[EventDate "1975.08.20"]
[PlyCount "84"]

1.e4 c5 2.Nf3 e6 3.d4 cxd4 4.Nxd4 a6 5.Nc3 Qc7 6.g3 b5 7.Bg2 Bb7 8.O-O Nf6
9.Re1 d6 10.a4 bxa4 11.Nxa4 Be7 12.Bd2 O-O 13.Nb3 Nc6 14.Be3 Nd7 15.Qd2 
Nce5 16.Na5 Nc4 17.Nxc4 Qxc4 18.Nb6 Nxb6 19.Bxb6 Rfc8 20.c3 Qb5 21.Ba5 Bc6
22.Bb4 a5 23.Ba3 Bf8 24.Rad1 Rab8 25.Qe2 Qb3 26.Rd2 Qb7 27.Red1 Ba4 28.Ra1
Bb5 29.Qe3 Bc6 30.h4 a4 31.Rad1 h6 32.Qf4 e5 33.Qf3 f5 34.Bxd6 Bxd6 35.
Rxd6 fxe4 36.R6d2 Rf8 37.Re1 Rbd8 38.Rde2 Rb8 39.Rd2 Rfd8 40.Rxd8+ Rxd8 
41.Re2 Rd1+ 42.Kh2 Rb1 1/2-1/2

[Event "Milan it group"]
[Site "Milan ITA"]
[Date "1975.08.26"]
[Round "6"]
[White "Karpov, Anatoly"]
[Black "Gligoric, Svetozar"]
[Result "1-0"]
[WhiteElo "2705"]
[BlackElo "2575"]
[EventDate "1975.08.20"]
[PlyCount "99"]

1.e4 e5 2.Nf3 Nc6 3.Bb5 a6 4.Ba4 Nf6 5.O-O Be7 6.Re1 b5 7.Bb3 O-O 8.c3 d6 
9.h3 Nb8 10.d4 Nbd7 11.Nbd2 Bb7 12.Bc2 Re8 13.Nf1 Bf8 14.Ng3 g6 15.a4 c5 
16.d5 Nb6 17.Qe2 Nxa4 18.Bxa4 bxa4 19.Rxa4 Bg7 20.c4 Bc8 21.Bd2 Rb8 22.Rb1
Re7 23.Ne1 Reb7 24.Nd3 Rb3 25.Rba1 Ne8 26.Bc3 Qh4 27.R4a3 f5 28.Be1 Qe7 
29.Rxb3 Rxb3 30.Nc1 Rb8 31.Nd3 Rb3 32.f3 Qg5 33.Kh2 Nf6 34.Qc2 Rb8 35.b4 
fxe4 36.Nxe4 Nxe4 37.fxe4 Qe3 38.bxc5 Qxe4 39.cxd6 Bf5 40.Ra3 Rc8 41.Rc3 
Bf8 42.Bf2 Bxd6 43.Qa2 a5 44.c5 Bd7 45.Ra3 Bb5 46.cxd6 Bxd3 47.d7 Rd8 48.
Rxd3 Qxd3 49.d6+ Kh8 50.Qxa5 1-0

[Event "Milan it group"]
[Site "Milan ITA"]
[Date "1975.08.26"]
[Round "6"]
[White "Smejkal, Jan"]
[Black "Ljubojevic, Ljubomir"]
[Result "1/2-1/2"]
[WhiteElo "2600"]
[BlackElo "2615"]
[EventDate "1975.08.20"]
[PlyCount "161"]

1.c4 c5 2.Nf3 Nf6 3.Nc3 e6 4.d4 d5 5.cxd5 exd5 6.g3 Nc6 7.Bg2 Be7 8.O-O 
O-O 9.Bg5 Be6 10.dxc5 Bxc5 11.Rc1 Be7 12.Nd4 h6 13.Be3 Ng4 14.Bf4 g5 15.
Nxe6 fxe6 16.Bd2 Nce5 17.e3 Nf6 18.Nb5 Nc4 19.b3 Nxd2 20.Qxd2 Qb6 21.Nd4 
Rac8 22.Qd3 Kg7 23.Bh3 g4 24.Bg2 Bc5 25.Ne2 Bd6 26.Rc2 Be5 27.Rfc1 Rxc2 
28.Qxc2 Rf7 29.Qc8 Rf8 30.Qc2 Rf7 31.Nf4 Bxf4 32.exf4 Qd6 33.Qc3 Rd7 34.
Qd4 b6 35.h3 h5 36.hxg4 hxg4 37.Bf1 Rc7 38.Re1 Kf7 39.Bd3 Rc8 40.Kg2 Rh8 
41.Rc1 Re8 42.Bb5 Re7 43.Rc6 Qb8 44.f5 Qh8 45.fxe6+ Rxe6 46.Rc7+ Re7 47.
Rxe7+ Kxe7 48.Qe5+ Kf7 49.Qc7+ Ke6 50.Qxa7 Qd8 51.Kf1 Qd6 52.Qb7 Ke5 53.
Qc8 Kd4 54.Qc1 Ne4 55.Qe3+ Ke5 56.Qf4+ Kd4 57.Qxd6 Nxd6 58.Bd7 Kc3 59.Bxg4
d4 60.Bf3 d3 61.g4 Nf7 62.Ke1 Ng5 63.Bd1 Nh3 64.a4 Kd4 65.b4 Kc4 66.b5 Kc5
67.f3 Nf4 68.Kd2 Kc4 69.g5 Ng6 70.Ke3 Ne7 71.f4 Nd5+ 72.Ke4 Nc3+ 73.Kf3 
Nxd1 74.g6 Nc3 75.g7 d2 76.g8=Q+ Kb4 77.Qf8+ Kxa4 78.Qa8+ Kb4 79.Qf8+ Ka4 
80.Qa8+ Kb4 81.Qf8+ 1/2-1/2

[Event "Milan it group"]
[Site "Milan ITA"]
[Date "1975.08.27"]
[Round "7"]
[White "Ljubojevic, Ljubomir"]
[Black "Portisch, Lajos"]
[Result "1/2-1/2"]
[WhiteElo "2615"]
[BlackElo "2635"]
[EventDate "1975.08.20"]
[PlyCount "47"]

1.e4 e5 2.Nf3 Nc6 3.d4 exd4 4.c3 d5 5.exd5 Qxd5 6.cxd4 Bb4+ 7.Nc3 Nf6 8.
Be2 Ne4 9.Bd2 Bxc3 10.bxc3 O-O 11.O-O Nxd2 12.Nxd2 Bf5 13.Qb3 Qa5 14.Nc4 
Qa6 15.Qb2 Ne7 16.Ne3 Qg6 17.Qa3 Qd6 18.Qxd6 cxd6 19.Bf3 Rab8 20.Rfe1 Rfc8
21.Nxf5 Nxf5 22.Rab1 b6 23.Rb3 Rc7 24.Kf1 1/2-1/2

[Event "Milan it group"]
[Site "Milan ITA"]
[Date "1975.08.27"]
[Round "7"]
[White "Unzicker, Wolfgang"]
[Black "Smejkal, Jan"]
[Result "1/2-1/2"]
[WhiteElo "2535"]
[BlackElo "2600"]
[EventDate "1975.08.20"]
[PlyCount "85"]

1.e4 c5 2.Nf3 e6 3.d4 cxd4 4.Nxd4 a6 5.Nc3 Qc7 6.g3 Bb4 7.Ne2 Nf6 8.Bg2 
Be7 9.O-O Nc6 10.Be3 O-O 11.Na4 b5 12.Nb6 Rb8 13.Nxc8 Rbxc8 14.c3 Rfd8 15.
Bf4 d6 16.Qc2 Qb6 17.Rad1 d5 18.Be3 Qc7 19.exd5 Nb4 20.Qb3 Nbxd5 21.Bg5 h6
22.Bxf6 Nxf6 23.Nd4 Bc5 24.Nc6 Re8 25.Qc2 e5 26.Qe2 Qb6 27.Nb4 Bxb4 28.
cxb4 e4 29.Rfe1 Rc7 30.Qd2 Rd7 31.Qc3 Rc7 32.Qd4 Qxd4 33.Rxd4 Rc2 34.Rd6 
Rxb2 35.Rxa6 Rd8 36.Bxe4 Re8 37.Ra8 Rxa8 38.Bxa8 Rxb4 39.Bc6 Rb2 40.a3 Ng4
41.Rf1 Ne5 42.Rc1 Rb3 43.Be4 1/2-1/2

[Event "Milan it group"]
[Site "Milan ITA"]
[Date "1975.08.31"]
[Round "10"]
[White "Ljubojevic, Ljubomir"]
[Black "Gligoric, Svetozar"]
[Result "1/2-1/2"]
[WhiteElo "2615"]
[BlackElo "2575"]
[EventDate "1975.08.20"]
[PlyCount "92"]

1.e4 e5 2.Nf3 Nc6 3.Bb5 a6 4.Ba4 Nf6 5.O-O Be7 6.Re1 b5 7.Bb3 d6 8.c3 O-O 
9.h3 Nb8 10.d4 Nbd7 11.Nbd2 Bb7 12.Bc2 Re8 13.Nf1 Bf8 14.Ng3 g6 15.a4 c5 
16.d5 Nb6 17.Qe2 Nxa4 18.Bxa4 bxa4 19.Rxa4 Nd7 20.c4 Nb6 21.Ra3 a5 22.Bg5 
f6 23.Bd2 a4 24.Nh2 Bc8 25.Ng4 Qe7 26.Rea1 Bd7 27.Ne3 Reb8 28.Qd3 Bg7 29.
Nd1 Qf8 30.Rb1 Nc8 31.Nc3 Qd8 32.b3 axb3 33.Rxa8 Rxa8 34.Rxb3 Nb6 35.Nge2 
Bc8 36.Nb5 f5 37.Nec3 f4 38.Ra3 Rxa3 39.Nxa3 Nd7 40.Nab5 Nf6 41.Na7 Bd7 
42.Ncb5 Qb6 43.f3 Qa6 44.Nc6 Qa1+ 45.Qf1 Qa2 46.Qc1 Bf8 1/2-1/2

[Event "Milan it knock-out"]
[Site "Milan ITA"]
[Date "1975.09.04"]
[Round "1.2"]
[White "Petrosian, Tigran"]
[Black "Karpov, Anatoly"]
[Result "1/2-1/2"]
[WhiteElo "2645"]
[BlackElo "2705"]
[EventDate "1975.08.20"]
[PlyCount "64"]

1.d4 Nf6 2.Nf3 e6 3.c4 b6 4.g3 Bb7 5.Bg2 Be7 6.Nc3 Ne4 7.Bd2 Bf6 8.Qc2 
Nxd2 9.Qxd2 O-O 10.O-O d6 11.e4 Nd7 12.d5 Qe7 13.Rfe1 Bxc3 14.Qxc3 e5 15.
b4 a5 16.a3 Ra7 17.Nh4 g6 18.Bh3 Rfa8 19.Ng2 Bc8 20.Ne3 Nf6 21.Bxc8 Rxc8 
22.f3 Rca8 23.Rec1 Nd7 24.h4 Qe8 25.Qb2 Ra6 26.b5 R6a7 27.a4 Qe7 28.Kg2 
Nc5 29.Qc2 Rf8 30.Rh1 Raa8 31.Rae1 Rae8 32.g4 h6 1/2-1/2

[Event "Milan it knock-out"]
[Site "Milan ITA"]
[Date "1975.09.09"]
[Round "2.1"]
[White "Portisch, Lajos"]
[Black "Karpov, Anatoly"]
[Result "1/2-1/2"]
[WhiteElo "2635"]
[BlackElo "2705"]
[EventDate "1975.08.20"]
[PlyCount "68"]

1.d4 Nf6 2.c4 e6 3.Nc3 Bb4 4.e3 c5 5.Bd3 O-O 6.Nf3 d5 7.O-O dxc4 8.Bxc4 
cxd4 9.exd4 b6 10.Bg5 Bb7 11.Rc1 Nc6 12.a3 Be7 13.Qd3 Rc8 14.Rfd1 Nd5 15.
Bxd5 Bxg5 16.Nxg5 Qxg5 17.Be4 h6 18.Qe3 Rfd8 19.Qxg5 hxg5 20.d5 exd5 21.
Rxd5 Rxd5 22.Bxd5 Na5 23.Ba2 Nc4 24.Nb5 Nd6 25.Rxc8+ Nxc8 26.f3 Kf8 27.Kf2
Bc6 28.Bc4 Ke7 29.Ke3 a5 30.Kd4 Bxb5 31.Bxb5 Kd6 32.Bc4 f6 33.Bd3 Ne7 34.
Be4 Nc8 1/2-1/2

[Event "Milan it knock-out"]
[Site "Milan ITA"]
[Date "1975.09.10"]
[Round "2.2"]
[White "Karpov, Anatoly"]
[Black "Portisch, Lajos"]
[Result "1-0"]
[WhiteElo "2705"]
[BlackElo "2635"]
[EventDate "1975.08.20"]
[PlyCount "127"]

1.e4 e5 2.Nf3 Nc6 3.Bb5 a6 4.Ba4 d6 5.O-O Be7 6.Bxc6+ bxc6 7.d4 exd4 8.
Nxd4 c5 9.Nc6 Qd7 10.Na5 Bf6 11.Qd3 Ne7 12.Nc3 Rb8 13.Rb1 O-O 14.Bd2 Bxc3 
15.Bxc3 Nc6 16.a3 Nxa5 17.Bxa5 Re8 18.Rfe1 Re6 19.c4 Bb7 20.f3 Rbe8 21.Qd2
Bc6 22.b3 Qe7 23.Qf4 Rb8 24.Bc3 f6 25.Kf2 Qf7 26.h4 Ree8 27.g4 Rb7 28.Rb2 
Reb8 29.Reb1 Rf8 30.Rg1 Bd7 31.Qe3 Qe6 32.Qd3 Bc6 33.b4 cxb4 34.axb4 Be8 
35.Rd2 Rb6 36.Qd4 Qe5 37.Qxb6 Qh2+ 38.Ke1 Qxd2+ 39.Kxd2 cxb6 40.Ra1 Bf7 
41.Rxa6 Rb8 42.Kd3 h5 43.b5 hxg4 44.fxg4 Rc8 45.Ra4 Be6 46.g5 f5 47.exf5 
Bxf5+ 48.Kd4 Kf7 49.Bb4 Ke6 50.Ra6 Rb8 51.h5 Bg4 52.h6 gxh6 53.gxh6 Bf5 
54.Bd2 Rg8 55.Bf4 Rb8 56.Ra7 Kf6 57.Rg7 Be6 58.Rc7 Rh8 59.Rc6 Rg8 60.Rxd6 
Kf5 61.Rxb6 Rg4 62.Rxe6 Kxe6 63.Ke4 Rg1 64.b6 1-0

[Event "Milan it knock-out"]
[Site "Milan ITA"]
[Date "1975.09.13"]
[Round "2.5"]
[White "Portisch, Lajos"]
[Black "Karpov, Anatoly"]
[Result "1/2-1/2"]
[WhiteElo "2635"]
[BlackElo "2705"]
[EventDate "1975.08.20"]
[PlyCount "82"]

1.c4 Nf6 2.Nc3 e6 3.d4 Bb4 4.e3 c5 5.Bd3 O-O 6.Nf3 d5 7.O-O cxd4 8.exd4 
dxc4 9.Bxc4 b6 10.Re1 Bb7 11.Bd3 Nc6 12.a3 Be7 13.Bc2 Re8 14.Qd3 Rc8 15.d5
exd5 16.Bg5 Ne4 17.Nxe4 dxe4 18.Qxe4 g6 19.Qh4 h5 20.Rad1 Qc7 21.Bxg6 fxg6
22.Qc4+ Kg7 23.Bf4 Ba6 24.Qc3+ Bf6 25.Bxc7 Bxc3 26.Rxe8 Rxe8 27.bxc3 Be2 
28.Re1 Rc8 29.Rxe2 Rxc7 30.Re6 Nd8 31.Re3 Kf6 32.Kf1 Ne6 33.g3 g5 34.h3 
Nc5 35.Nd2 Rd7 36.Ke2 Rd5 37.c4 Rd4 38.Re8 h4 39.Rf8+ Ke7 40.Rh8 hxg3 41.
fxg3 Rd3 1/2-1/2

[Event "Milan it knock-out"]
[Site "Milan ITA"]
[Date "1975.09.09"]
[Round "2.1"]
[White "Petrosian, Tigran"]
[Black "Ljubojevic, Ljubomir"]
[Result "1-0"]
[WhiteElo "2645"]
[BlackElo "2615"]
[EventDate "1975.08.20"]
[PlyCount "59"]

1.d4 Nf6 2.c4 c5 3.d5 e6 4.Nc3 exd5 5.cxd5 g6 6.Nf3 Bg7 7.e4 d6 8.Be2 O-O 
9.O-O Nbd7 10.Nd2 Re8 11.a4 Ne5 12.Ra3 Bd7 13.Qc2 Rc8 14.f4 Neg4 15.Nc4 
Qe7 16.h3 b5 17.axb5 Nh5 18.Bxg4 Bxg4 19.Qf2 Bd7 20.e5 dxe5 21.Nxe5 Bxe5 
22.fxe5 Qxe5 23.Rxa7 Rcd8 24.Qxf7+ Kh8 25.Qf2 Qb8 26.Qxc5 Bxh3 27.Qd4+ Kg8
28.Bh6 Bd7 29.d6 Re6 30.Rc7 1-0

[Event "Milan it knock-out"]
[Site "Milan ITA"]
[Date "1975.09.11"]
[Round "2.3"]
[White "Petrosian, Tigran"]
[Black "Ljubojevic, Ljubomir"]
[Result "1/2-1/2"]
[WhiteElo "2645"]
[BlackElo "2615"]
[EventDate "1975.08.20"]
[PlyCount "53"]

1.d4 e6 2.e4 d5 3.Nd2 c5 4.Ngf3 Nc6 5.exd5 exd5 6.Bb5 Bd6 7.O-O Ne7 8.dxc5
Bxc5 9.Nb3 Bd6 10.Bd2 O-O 11.Bc3 Bg4 12.Nbd4 Bh5 13.Be2 Ng6 14.Ne1 Bxe2 
15.Nxe2 Re8 16.Nf3 Nh4 17.Ned4 Re4 18.Nxc6 bxc6 19.g3 Nxf3+ 20.Qxf3 Qg5 
21.Rae1 Rae8 22.Rxe4 Rxe4 23.Kg2 h5 24.Re1 Rxe1 25.Bxe1 Qc1 26.Qc3 h4 27.
Qxc6 1/2-1/2